000 00476nam a22001817a 4500
999 _c19505
_d19505
003 OSt
005 20210115142841.0
008 161010b xxu||||| |||| 00| 0 eng d
020 _a9290446501
040 _aMMU
_beng
_cMMU
_dMMU
050 _aSH171 .A68 2006
245 _aAcquatic animal health code /
250 _a9th ed.
260 _aParis :
_bWorld rganization for animal health,
_c2006
300 _aviii, 202 p. :
650 _aAquatic animal
942 _2lcc
_cSPECIAL